General Relativity / (Record no. 15085)

MARC details
000 -LEADER
fixed length control field 01171pam a2200313 a 4500
001 - CONTROL NUMBER
control field 1878674
005 - DATE AND TIME OF LATEST TRANSACTION
control field 20240818092939.0
008 - FIXED-LENGTH DATA ELEMENTS--GENERAL INFORMATION
fixed length control field 830930s1984 ilua b 001 0 eng
010 ## -
-- 83017969
020 ## - INTERNATIONAL STANDARD BOOK NUMBER
International Standard Book Number 0226870332 (pbk.)
020 ## - INTERNATIONAL STANDARD BOOK NUMBER
International Standard Book Number 9780226870335
040 ## - CATALOGING SOURCE
Original cataloging agency DLC
Transcribing agency DLC
Modifying agency DLC
050 00 - LIBRARY OF CONGRESS CALL NUMBER
Classification number QC173.6
Item number .W35 1984
082 00 - DEWEY DECIMAL CLASSIFICATION NUMBER
Classification number 530.11
Edition number 19
Item number WAL
100 1# - MAIN ENTRY--PERSONAL NAME
Personal name Wald, Robert M.
9 (RLIN) 22954
245 10 - TITLE STATEMENT
Title General Relativity /
Statement of responsibility, etc Robert M. Wald.
260 ## -
-- Chicago :
-- University of Chicago Press,
-- 1984.
300 ## - PHYSICAL DESCRIPTION
Extent xiii, 491 p. :
Other physical details ill. ;
Dimensions 25 cm.
336 ## - CONTENT TYPE
Source rdacontent
Content type term text
Content type code txt
337 ## - MEDIA TYPE
Media type term unmediated
Source rdamedia
Media type code n
338 ## - CARRIER TYPE
Carrier type term volume
Carrier type code nc
Source rdacarrier
504 ## - BIBLIOGRAPHY, ETC. NOTE
Bibliography, etc Includes bibliographical references: p. 473-484 and index.
650 #0 - SUBJECT ADDED ENTRY--TOPICAL TERM
Topical term or geographic name as entry element General relativity (Physics)
9 (RLIN) 22955
653 ## - INDEX TERM--UNCONTROLLED
Resource For college
Arrived date list April2011
856 42 - ELECTRONIC LOCATION AND ACCESS
Materials specified Publisher description
Uniform Resource Identifier <a href="http://www.loc.gov/catdir/description/uchi051/83017969.html">http://www.loc.gov/catdir/description/uchi051/83017969.html</a>
856 41 - ELECTRONIC LOCATION AND ACCESS
Materials specified Table of contents only
Uniform Resource Identifier <a href="http://www.loc.gov/catdir/toc/uchi051/83017969.html">http://www.loc.gov/catdir/toc/uchi051/83017969.html</a>
856 42 - ELECTRONIC LOCATION AND ACCESS
Materials specified Contributor biographical information
Uniform Resource Identifier <a href="http://www.loc.gov/catdir/enhancements/fy0609/83017969-b.html">http://www.loc.gov/catdir/enhancements/fy0609/83017969-b.html</a>
942 ## - ADDED ENTRY ELEMENTS (KOHA)
Source of classification or shelving scheme Dewey Decimal Classification
Koha item type Book - Borrowing
Classification part RDA-MOD
Holdings
Withdrawn status Lost status Source of classification or shelving scheme Damaged status Not for loan Collection code Home library Current library Shelving location Date acquired Source of acquisition Cost, normal purchase price Serial Enumeration / chronology Total Checkouts Total Renewals Full call number Barcode Checked out Date last seen Date checked out Price effective from Koha item type
    Dewey Decimal Classification     Baccah Central Library Central Library First floor 07/04/2011   197.00 11997 6 33 530.11 WAL 000023173 16/03/2020 03/01/2018 03/01/2018 07/04/2011 Book - Borrowing